000 00582nam a2200265Ia 4500
005 20260306163807.0
008 008 260114s9999 xx 000 0 eng d
020 _a9780300210200
037 _aEBOOK
040 _aCRL
040 _beng
040 _cCRL
041 _2eng
041 _aeng
084 _qCRL
100 _aHalperin
245 0 _aBabel In Zion
260 _bYale University Press
260 _c2015
650 _aSocial Work
856 _uhttps://academic.oup.com/book/16627
942 _cEBOOK
999 _c1711517
_d1711517